| 000 | 00634nam a2200193Ia 4500 | ||
|---|---|---|---|
| 003 | GCL | ||
| 008 | 140319s9999 xx 000 0 ara d | ||
| 040 |
_aGCL / _cGCL |
||
| 082 | 0 | 4 |
_a891.7 _bت ق |
| 100 | 1 | _aابراهيم زكى خورشيد | |
| 245 | 1 | 0 |
_aالقوزاق / _cابراهيم زكى خورشيد |
| 700 | 1 | _aتولستوى، ليو | |
| 260 |
_a[S.N] : _bدار القاهرة للطباعة |
||
| 300 | _a256 ص | ||
| 490 |
_aالهيئة العامة للاستعلامات _v0 |
||
| 650 | 0 | 4 | _aالقصص الروسية المترجمة |
| 650 | 0 | 4 | _aالادب الروسى المترجم |
| 942 |
_2ddc _cBK |
||
| 999 |
_c40045 _d40045 |
||